[Event "Catalunya-chT Gp2"]
[Site "Barcelona"]
[Date "2024.03.02"]
[Round "7.1"]
[White "Alvarado Diaz, Alejandro"]
[Black "Ayats Llobera, Quim"]
[Result "0-1"]
[WhiteElo "2469"]
[BlackElo "1296"]
[PlyCount "101"]
[EventDate "2024.01.20"]
[EventType "team-tourn"]
[EventRounds "7"]
[EventCountry "ESP"]
[SourceTitle "CB11_2024"]
[SourceDate "2024.03.13"]
[SourceVersion "1"]
[SourceVersionDate "2024.03.13"]
[SourceQuality "1"]
[WhiteTeam "Llinars"]
[BlackTeam "Barcelona Escacs CC"]
[WhiteTeamCountry "ESP"]
[BlackTeamCountry "ESP"]

1. Nf3 Nf6 2. e3 g6 3. d4 Bg7 4. Be2 0-0 5. 0-0 b6 6. b3 Bb7 7. Bb2 e6 8. c4 d5 9. Nbd2 Nbd7 10. cxd5 exd5 11. b4 a6 12. a4 c6 13. Nb3 Ne4 14. Nfd2 f5 15. Qc2 Qf6 16. Nxe4 fxe4 17. Bg4 Qf7 18. Bxd7 Qxd7 19. Ba3 Rf6 20. Qe2 a5 21. Rfc1 Ba6 22. Qe1 Rf5 23. Nd2 axb4 24. Bxb4 c5 25. dxc5 Bxa1 26. c6 Qc7 27. Rxa1 Bc4 28. Rc1 Qxc6 29. Nb3 Qxa4 30. Nd4 Rf7 31. Bc3 Qd7 32. Bb2 h6 33. h3 Kh7 34. Ra1 Rxa1 35. Qxa1 Qa7 36. Qc1 Qa2 37. Nc6 Qb3 38. Ne5 Ra7 39. Kh2 h5 40. Bd4 g5 41. h4 gxh4 42. Kh3 Ra2 43. Qe1 Re2 44. Qc1 Rxf2 45. Kxh4 Rf1 46. Qd2 Rh1+ 47. Kg3 Qa2 48. Bb2 Qa7 49. Ng6 Qc7+ 50. Nf4 Rb1 51. Bf6 0-1

[Event "Catalunya-chT Gp2"]
[Site "Barcelona"]
[Date "2024.01.20"]
[Round "1.1"]
[White "Ayats Llobera, Quim"]
[Black "Cuartas Medina, Jorge Humberto"]
[Result "1-0"]
[WhiteElo "1296"]
[BlackElo "2284"]
[PlyCount "113"]
[EventDate "2024.01.20"]
[EventType "team-tourn"]
[EventRounds "7"]
[EventCountry "ESP"]
[SourceTitle "CB06_2024"]
[SourceDate "2024.02.07"]
[SourceVersion "1"]
[SourceVersionDate "2024.02.07"]
[SourceQuality "1"]
[WhiteTeam "Barcelona Escacs CC"]
[BlackTeam "Barbera"]
[WhiteTeamCountry "ESP"]
[BlackTeamCountry "ESP"]

1. d4 Nf6 2. c4 e6 3. Nc3 Bb4 4. e3 d5 5. cxd5 exd5 6. Bd3 0-0 7. Nge2 Re8 8. Bd2 a6 9. 0-0 Bd6 10. Rc1 b6 11. Nf4 c5 12. Ncxd5 Nxd5 13. Nxd5 Bxh2+ 14. Kxh2 Qxd5 15. Bc4 Qd6+ 16. Kg1 Bb7 17. Qh5 Re7 18. dxc5 Qc6 19. f3 Nd7 20. Qg5 Nf6 21. Bc3 h6 22. Qh4 bxc5 23. e4 Rae8 24. Rfd1 Nd7 25. Qg3 Ne5 26. Bd5 Qb6 27. Bxb7 c4+ 28. Kh2 Qxb7 29. f4 Ng6 30. f5 Qxe4 31. fxg6 fxg6 32. Rd6 Kh7 33. Rxa6 Qf5 34. Ra5 Qd7 35. Rc5 Qa7 36. Rc6 g5 37. Rxc4 Qxa2 38. Rc7 Qf7 39. Rxe7 Rxe7 40. Qd3+ Kg8 41. Rf1 Qh5+ 42. Kg1 Qe8 43. Qd5+ Kh7 44. Bb4 Rd7 45. Qf5+ g6 46. Qf2 g4 47. Bc3 h5 48. Qf6 Qe3+ 49. Kh1 Qe8 50. Qg5 Rd3 51. Bd2 Kg8 52. Rf6 Kg7 53. Ra6 Qe4 54. Qh6+ Kf7 55. Ra7+ Ke6 56. Ra6+ Kd5 57. Qg5+ 1-0

[Event "Roncana op-C U14 7th"]
[Site "Santa Eulalia de Roncana"]
[Date "2013.11.23"]
[Round "7"]
[White "Ayats Llobera, Quim"]
[Black "Guerrero Baez, Indira"]
[Result "1-0"]
[WhiteElo "1707"]
[BlackElo "1710"]
[PlyCount "113"]
[EventDate "2013.10.05"]
[EventType "swiss"]
[EventRounds "8"]
[EventCountry "ESP"]
[SourceTitle "EXT 2015"]
[Source "ChessBase"]
[SourceDate "2014.11.20"]
[SourceVersion "1"]
[SourceVersionDate "2014.11.20"]
[SourceQuality "1"]

1. e4 e6 2. d4 d5 3. e5 c5 4. c3 Qb6 5. Nf3 Nc6 6. dxc5 Bxc5 7. Qc2 Nge7 8. b4 Bxf2+ 9. Qxf2 Qxf2+ 10. Kxf2 0-0 11. Bg5 Nf5 12. b5 Na5 13. Nbd2 h6 14. Bh4 g5 15. Bg3 Nxg3 16. hxg3 f6 17. Rxh6 Kg7 18. Rh3 fxe5 19. g4 e4 20. Nb3 Nc4 21. Bxc4 dxc4 22. Rh5 exf3 23. Rxg5+ Kh6 24. Rh5+ Kg6 25. gxf3 cxb3 26. axb3 Bd7 27. Rd1 Bxb5 28. Rxb5 a6 29. Rxb7 Rab8 30. Rdd7 Rxb7 31. Rxb7 e5 32. Rb6+ Kg5 33. Rxa6 e4 34. Ke3 exf3 35. Ra5+ Kxg4 36. Kf2 Re8 37. Ra4+ Kf5 38. Kxf3 Rc8 39. c4 Rc5 40. Ra8 Re5 41. Rf8+ Ke6 42. Re8+ Kf6 43. Rxe5 Kxe5 44. Ke3 Kd6 45. Kd4 Kc6 46. c5 Kb5 47. Kd5 Ka5 48. c6 Kb6 49. Kd6 Kb5 50. c7 Kb4 51. c8Q Kxb3 52. Kd5 Kb4 53. Kd4 Kb3 54. Qc3+ Ka4 55. Qb2 Ka5 56. Kc5 Ka6 57. Qb6# 1-0